Statistiques concernant Guerres de Galles et d'Ecosse

Cliquez ici pour prendre le quiz!

Statistiques générales

  • Ce quiz a été pris 8 fois
  • Le résultat moyen est 10 sur 13

Statistiques - réponses

QuestionRéponse% Correct
Première campagne d'Edouard Ier au Pays de Galles1277
100%
Deuxième campagne d'Edouard Ier au Pays de Galles1282
100%
Bataille de Stirling Bridge1297
86%
Bataille de Falkirk1298
86%
Assassinat de John Comyn1306
86%
Traité de Nothampton1328
86%
Bataille de Dupplin Moor1332
86%
23 et 24 juin 1314Bataille de Bannockburn
86%
"Grande Cause" d'Ecosse1290
71%
Bataille d'Halidon Hill1333
71%
Bataille de Nevill's Cross1346
57%
1284Statut de Rhuddlan
57%
Traité de Berwick1337
14%

Distribution des résultats

Percentile par nombre de réponses

% des personnes avec chaque résultat

Votre développement - résultats

Vous n’avez pas pris ce quiz